<?xml version="1.0" encoding="UTF-8"?>
<record
    xmlns:xsi="http://www.w3.org/2001/XMLSchema-instance"
    xsi:schemaLocation="http://www.loc.gov/MARC21/slim http://www.loc.gov/standards/marcxml/schema/MARC21slim.xsd"
    xmlns="http://www.loc.gov/MARC21/slim">

  <leader>03014nam a22004937a 4500</leader>
  <controlfield tag="001">BRCA_9175</controlfield>
  <controlfield tag="003">FranzMayer</controlfield>
  <controlfield tag="005">20220809131913.0</controlfield>
  <controlfield tag="008">190228s2018    mx a     b   f000 0 spa  </controlfield>
  <datafield tag="010" ind1=" " ind2=" ">
    <subfield code="a">  2019387502</subfield>
  </datafield>
  <datafield tag="020" ind1=" " ind2=" ">
    <subfield code="a">9786076055601</subfield>
  </datafield>
  <datafield tag="040" ind1=" " ind2=" ">
    <subfield code="a">DLC</subfield>
    <subfield code="b">spa</subfield>
    <subfield code="e">rda</subfield>
    <subfield code="c">DLC</subfield>
  </datafield>
  <datafield tag="041" ind1=" " ind2=" ">
    <subfield code="a">spa</subfield>
  </datafield>
  <datafield tag="050" ind1="0" ind2="0">
    <subfield code="a">ND699.K3</subfield>
    <subfield code="b">K352 2018</subfield>
  </datafield>
  <datafield tag="245" ind1="0" ind2="0">
    <subfield code="a">Kandinsky :</subfield>
    <subfield code="b">peque&#xF1;os mundos.</subfield>
  </datafield>
  <datafield tag="246" ind1="3" ind2="0">
    <subfield code="a">Peque&#xF1;os mundos</subfield>
  </datafield>
  <datafield tag="250" ind1=" " ind2=" ">
    <subfield code="a">Primera edici&#xF3;n.</subfield>
  </datafield>
  <datafield tag="264" ind1=" " ind2="1">
    <subfield code="a">Ciudad de M&#xE9;xico :</subfield>
    <subfield code="b">Instituto Nacional de Bellas Artes,</subfield>
    <subfield code="c">2018.</subfield>
  </datafield>
  <datafield tag="264" ind1=" " ind2="4">
    <subfield code="c">&#xA9;2018</subfield>
  </datafield>
  <datafield tag="300" ind1=" " ind2=" ">
    <subfield code="a">290 p&#xE1;ginas :</subfield>
    <subfield code="b">ilustraciones a color y b/n, im&#xE1;genes fotogr&#xE1;ficas ;</subfield>
    <subfield code="c">25 cm</subfield>
  </datafield>
  <datafield tag="336" ind1=" " ind2=" ">
    <subfield code="a">text</subfield>
    <subfield code="b">txt</subfield>
    <subfield code="2">rdacontent</subfield>
  </datafield>
  <datafield tag="337" ind1=" " ind2=" ">
    <subfield code="b">n</subfield>
    <subfield code="2">rdamedia</subfield>
  </datafield>
  <datafield tag="338" ind1=" " ind2=" ">
    <subfield code="2">rdacarrier</subfield>
  </datafield>
  <datafield tag="500" ind1=" " ind2=" ">
    <subfield code="a">Ubicaci&#xF3;n: L59-N5</subfield>
  </datafield>
  <datafield tag="500" ind1=" " ind2=" ">
    <subfield code="a">Publicado con motivo de la exposici&#xF3;n celebrada en el Museo del Palacio de Bellas Artes, [31 de octubre de 2018-21 de enero de 2019].</subfield>
  </datafield>
  <datafield tag="504" ind1=" " ind2=" ">
    <subfield code="a">Incluye referencias bibliogr&#xE1;ficas e &#xED;ndice</subfield>
  </datafield>
  <datafield tag="505" ind1="0" ind2=" ">
    <subfield code="t">Impresiones, improvisaciones, composiciones / </subfield>
    <subfield code="r">Natalia Avtonomova </subfield>
  </datafield>
  <datafield tag="505" ind1="0" ind2=" ">
    <subfield code="t">Kandinsky. Pintura abstracta, transgresi&#xF3;n de l&#xED;mites / </subfield>
    <subfield code="r">Jorge Juanes</subfield>
  </datafield>
  <datafield tag="505" ind1="0" ind2=" ">
    <subfield code="t">Kandinsky y el arte popular ruso. Su viaje iniciatico por Vologda / </subfield>
    <subfield code="r">Silvia Burini </subfield>
  </datafield>
  <datafield tag="505" ind1="0" ind2=" ">
    <subfield code="t">El cosmos de color de Kandinsky. Tecnolog&#xED;a art&#xED;stica de los a&#xF1;os 1896 a 1914 / </subfield>
    <subfield code="r">Iris Winkelmeyer </subfield>
  </datafield>
  <datafield tag="505" ind1="0" ind2=" ">
    <subfield code="t">"Cambiar instrumentos". La abstracci&#xF3;n musical en la labor docente de Kandinsky en la Bauhaus / </subfield>
    <subfield code="r">Nancy Perloff </subfield>
  </datafield>
  <datafield tag="505" ind1="0" ind2=" ">
    <subfield code="t">Los a&#xF1;os en Par&#xED;s, 1934-1944 / </subfield>
    <subfield code="r">Vivian Endicott Barnett</subfield>
  </datafield>
  <datafield tag="505" ind1="0" ind2=" ">
    <subfield code="t">El apocalipsis y la antigua Rusia: Kandinsky y Rachmaninoff / </subfield>
    <subfield code="r">Peter Vergo</subfield>
  </datafield>
  <datafield tag="520" ind1=" " ind2=" ">
    <subfield code="a">La primera exposici&#xF3;n individual en M&#xE9;xico de uno de los m&#xE1;ximos exponentes del abstraccionismo, el artista ruso Vasili Kandinsky. La exposici&#xF3;n indaga en la evoluci&#xF3;n de uno de los artistas m&#xE1;s emblem&#xE1;ticos del siglo XX que acabar&#xED;a siendo apodado &#x201C;Padre de la Abstracci&#xF3;n&#x201D;, descubre sus controvertidos planteamientos pl&#xE1;sticos que hoy siguen generando debates sobre la naturaleza del arte. La exposici&#xF3;n incluy&#xF3; aproximaciones musicales al arte cinest&#xE9;sico de Kandinsky con algunos compositores contempor&#xE1;neos del artista, como Wagner, Rachmaninoff y Sch&#xF6;enberg. Incluye obras de las colecciones de The State Tretyakov Gallery, The Pushkin State Museum of Fine Arts, Centre Georges Pompidou de Par&#xED;s, The Solomon R. Guggenheim, Metropolitan Museum of Art de Nueva York y Los Angeles County Museum of Art, entre otros. </subfield>
  </datafield>
  <datafield tag="600" ind1="1" ind2="0">
    <subfield code="a">Kandinsky, Wassily,</subfield>
    <subfield code="d">1866-1944</subfield>
    <subfield code="x">Cr&#xED;tica e interpretaci&#xF3;n</subfield>
    <subfield code="9">28370</subfield>
  </datafield>
  <datafield tag="600" ind1="1" ind2="0">
    <subfield code="a">Kandinsky, Wassily,</subfield>
    <subfield code="d">1866-1944</subfield>
    <subfield code="v">Exhibiciones</subfield>
    <subfield code="9">28371</subfield>
  </datafield>
  <datafield tag="650" ind1=" " ind2="0">
    <subfield code="a">Pintura, Abstracta.</subfield>
    <subfield code="9">28372</subfield>
  </datafield>
  <datafield tag="650" ind1=" " ind2="0">
    <subfield code="a">Arte Ruso</subfield>
    <subfield code="y">Siglo XX</subfield>
    <subfield code="9">28373</subfield>
  </datafield>
  <datafield tag="650" ind1=" " ind2="0">
    <subfield code="a">Pintores</subfield>
    <subfield code="z">Rusia (Federaci&#xF3;n)</subfield>
    <subfield code="y">Siglo XX</subfield>
    <subfield code="v">Biograf&#xED;a.</subfield>
    <subfield code="9">28374</subfield>
  </datafield>
  <datafield tag="700" ind1="1" ind2="2">
    <subfield code="a">Kandinsky, Wassily,</subfield>
    <subfield code="d">1866-1944.</subfield>
    <subfield code="9">28375</subfield>
  </datafield>
  <datafield tag="710" ind1="2" ind2=" ">
    <subfield code="a">Museo del Palacio de Bellas Artes (Mexico),</subfield>
    <subfield code="9">28376</subfield>
  </datafield>
  <datafield tag="942" ind1=" " ind2=" ">
    <subfield code="2">lcc</subfield>
    <subfield code="c">B</subfield>
  </datafield>
  <datafield tag="999" ind1=" " ind2=" ">
    <subfield code="c">10794</subfield>
    <subfield code="d">10794</subfield>
  </datafield>
  <datafield tag="952" ind1=" " ind2=" ">
    <subfield code="0">0</subfield>
    <subfield code="1">0</subfield>
    <subfield code="2">lcc</subfield>
    <subfield code="4">0</subfield>
    <subfield code="7">0</subfield>
    <subfield code="a">BRCA</subfield>
    <subfield code="b">BRCA</subfield>
    <subfield code="d">2022-06-28</subfield>
    <subfield code="l">0</subfield>
    <subfield code="o">ND699.K3 K352 2018</subfield>
    <subfield code="p">CONT9947</subfield>
    <subfield code="r">2022-06-28 00:00:00</subfield>
    <subfield code="t">1</subfield>
    <subfield code="w">2022-06-28</subfield>
    <subfield code="y">B</subfield>
  </datafield>
</record>
